| 000 | 00466nam a2200145 4500 | ||
|---|---|---|---|
| 999 |
_c508125 _d508125 |
||
| 008 | 190312b ||||| |||| 00| 0 eng d | ||
| 100 |
_aNaik, Susant Kumar _93215 |
||
| 245 |
_aDemand for separate statehood: _bevidences from Hyderabad Karnataka region and Telangana |
||
| 260 | _c2018 | ||
| 300 | _ap.137-156. | ||
| 650 |
_aAndhra Pradesh - Politics and government _93216 |
||
| 773 | _aMan and Development | ||
| 906 | _aPolitics and government | ||
| 942 |
_2ddc _cAR |
||